Statistiques concernant Guyane... ou Guyenne?

Cliquez ici pour prendre le quiz!

Statistiques générales

  • Ce quiz a été pris 194 fois
  • Le résultat moyen est 8 sur 15

Statistiques - réponses

QuestionRéponse% Correct
Est un département françaisGuyane
90%
A au moins une frontière internationaleGuyane
69%
Faisait partie de la Couronne de France en 1500Guyenne
65%
A accueilli un temps la capitale de la FranceGuyenne
62%
A un littoral atlantiqueLes deux
61%
Est à majorité musulmaneAucun
58%
A du rouge sur son drapeauLes deux
57%
Est le plus peupléGuyenne
56%
A la plus grande communeGuyane
52%
Où vécut Alfred DreyfusGuyane
49%
A au moins une ville nommée "Saint-Laurent..."Les deux
49%
Accueille un site du CNESGuyane
44%
Est valide au ScrabbleAucun
38%
Est situé complètement dans l'hémisphère NordLes deux
33%
Avait une escale de l'AéropostaleGuyenne
13%

Distribution des résultats

Percentile par nombre de réponses

% des personnes avec chaque résultat

Votre développement - résultats

Vous n’avez pas pris ce quiz